Normal view
MARC view
- Malay drama
Entry Topical Term
001 - CONTROL NUMBER
- control field: 7590
003 - CONTROL NUMBER IDENTIFIER
- control field: OSt
005 - DATE AND TIME OF LATEST TRANSACTION
- control field: 20170524093609.0
008 - FIXED-LENGTH DATA ELEMENTS
- fixed length control field: 170524|| aca||aabn | a|a d
040 ## - CATALOGING SOURCE
- Original cataloging agency: OSt
- Transcribing agency: OSt
150 ## - HEADING--TOPICAL TERM
- Topical term or geographic name entry element: Malay drama
670 ## - SOURCE DATA FOUND
- Source citation: Work cat.: (OSt)0: Drama Melayu moden dalam esei /, 1981

PORTAL AKMAL
E-MEL JKDM
AKMAL2U
G-BAM
u-PUSTAKA